Loading...
| Beliefs | 2 | 3 | 1 | 0 | 55 | 41 | 71.20 | 2 | 4 | 0.00 | 0.00 |
| History - World | 0 | 2 | 1 | 0 | 15 | 76 | 82.50 | 2 | 2 | 0.00 | 0.00 |
| World and Other Literature | 0 | 1 | 0 | 0 | 10 | 146 | 146.00 | 0 | 1 | 0.00 | 0.00 |
| Fine Arts - Visual | 0 | 1 | 0 | 1 | 10 | 139 | 139.00 | 0 | 1 | 0.00 | 0.00 |
| Philosophy | 0 | 1 | 0 | 0 | 10 | 98 | 98.00 | 0 | 1 | 0.00 | 0.00 |
| Science - Biology | 0 | 1 | 0 | 0 | 10 | 134 | 134.00 | 0 | 1 | 0.00 | 0.00 |
| Social Science | 0 | 1 | 0 | 0 | 10 | 139 | 139.00 | 1 | 1 | 0.00 | 0.00 |
| Other Academic | 0 | 1 | 0 | 0 | 10 | 101 | 101.00 | 0 | 1 | 0.00 | 0.00 |
| Other Arts: Visual | 0 | 0 | 0 | 0 | 0 | 0.00 | 0 | 0 | 0.00 | 0.00 | |
| History - European | 0 | 0 | 1 | 0 | -5 | 0.00 | 0 | 0 | 0.00 | 0.00 | |
| History - American | 0 | 0 | 1 | 0 | -5 | 0.00 | 0 | 0 | 0.00 | 0.00 |